مكتبة جامعة عجلون الوطنية

فهرس بحث المكتبة

Normal view MARC view
  • الاستثمار -- معاجم -- الاستثمار الدولي -- معجم مصطلحات -- التمويل -- معجم مصطلحات

Entry Topical Term

Number of records used in: 1

001 - CONTROL NUMBER

  • control field: 27518

003 - CONTROL NUMBER IDENTIFIER

  • control field: JO-AjAnu

005 - DATE AND TIME OF LATEST TRANSACTION

  • control field: 20230606074656.0

008 - FIXED-LENGTH DATA ELEMENTS

  • fixed length control field: 230606|| aca||aabn | a|a d

040 ## - CATALOGING SOURCE

  • Original cataloging agency: JO-AjAnu
  • Transcribing agency: JO-AjAnu

150 ## - HEADING--TOPICAL TERM

  • Topical term or geographic name entry element: الاستثمار -- معاجم -- الاستثمار الدولي -- معجم مصطلحات -- التمويل -- معجم مصطلحات

670 ## - SOURCE DATA FOUND

  • Source citation: Work cat.: (JO-AjAnu)14131: تأليف كلارك، جون, author 27517, قاموس المصطلحات الدولية للإستثمار والتمويل إنجليزي - عربي = Dictionary of international investment and finance terms English-Arabic